Stopping the clock (Record no. 80261)
[ view plain ]
| 000 -LEADER | |
|---|---|
| fixed length control field | 01426cab a22002895a 4500 |
| 001 - CONTROL NUMBER | |
| control field | L143756 |
| 008 - FIXED-LENGTH DATA ELEMENTS--GENERAL INFORMATION | |
| fixed length control field | 080529e20080513xxk f 000 0 eng d |
| 035 ## - SYSTEM CONTROL NUMBER | |
| System control number | (Sirsi) u143756 |
| 041 0# - LANGUAGE CODE | |
| Language code of text/sound track or separate title | eng |
| 100 1# - MAIN ENTRY--PERSONAL NAME | |
| Personal name | Cathie, Fergal |
| 245 00 - TITLE STATEMENT | |
| Title | Stopping the clock |
| 260 ## - PUBLICATION, DISTRIBUTION, ETC. | |
| Date of publication, distribution, etc. | 2008 |
| 490 ## - SERIES STATEMENT | |
| Series statement | Solicitors' Journal |
| Volume/sequential designation | 152(19) 13 May 2008, 12-14(2) |
| 520 ## - SUMMARY, ETC. | |
| Summary, etc. | Considers the effect of recent legal decisions upon the extent of liability of professional advisers. Cases such as Watkins v Jones Maidment Wilson (L143449) have shown that limitation periods can be considered as starting on the date advice fails to be beneficial, rather than the date it is acted upon. This will take more cases out of the scope of the Limitation Acts. Considers earlier cases which were decided differently, but within a different mortgage framework. Suggests that fewer cases will be settled on limitation at preliminary stages. |
| 590 ## - LOCAL NOTE (RLIN) | |
| Local note | KA |
| 650 24 - SUBJECT ADDED ENTRY--TOPICAL TERM | |
| Topical term or geographic name entry element | WATKINS V JONES MAIDMENT WILSON |
| 650 24 - SUBJECT ADDED ENTRY--TOPICAL TERM | |
| Topical term or geographic name entry element | LAW SOCIETY V SEPHTON |
| 650 24 - SUBJECT ADDED ENTRY--TOPICAL TERM | |
| Topical term or geographic name entry element | FORSTER V OUTRED |
| 650 24 - SUBJECT ADDED ENTRY--TOPICAL TERM | |
| Topical term or geographic name entry element | SOUTH AUSTRALIA ASSET MANAGEMENT CORPORATION V YORK MONTAGUE LTD |
| 650 24 - SUBJECT ADDED ENTRY--TOPICAL TERM | |
| Topical term or geographic name entry element | SHORE V SEDGWICK FINANCIAL SERVICES |
| 650 24 - SUBJECT ADDED ENTRY--TOPICAL TERM | |
| Topical term or geographic name entry element | LIMITATION ACT 1980 |
| 650 24 - SUBJECT ADDED ENTRY--TOPICAL TERM | |
| Topical term or geographic name entry element | LIMITATION ACT 1990 |
| 651 #4 - SUBJECT ADDED ENTRY--GEOGRAPHIC NAME | |
| Geographic name | England and Wales |
| Chronological subdivision | 1543- |
| 690 ## - LOCAL SUBJECT ADDED ENTRY--TOPICAL TERM (OCLC, RLIN) | |
| Topical term or geographic name as entry element | BUILT ENVIRONMENT-CONSTRUCTION MANAGEMENT-BUILDING CONTRACT ADMINISTRATION |
| 700 1# - ADDED ENTRY--PERSONAL NAME | |
| Personal name | Schooling, Simon |
| 942 ## - ADDED ENTRY ELEMENTS (KOHA) | |
| Suppress in OPAC | 0 |
| Withdrawn status | Lost status | Source of classification or shelving scheme | Damaged status | Not for loan | Home library | Current library | Shelving location | Date acquired | Total Checkouts | Full call number | Barcode | Date last seen | Copy number | Price effective from | Koha item type |
|---|---|---|---|---|---|---|---|---|---|---|---|---|---|---|---|
| Dewey Decimal Classification | London | London | Journal article | 29/05/2008 | L143756 | 143756-1001 | 06/08/2019 | 1 | 06/08/2019 | Journal article |